000 01303nam2a22002411 4500
001 RU\NLR\INFOCOMM17\1000320918
005 20250616232903.0
035 _a(NLR Aleph) 002279718
090 _a4030330
_c4030330
100 _a20031203d1970 |||y0rusy50 ca
101 0 _arus
102 _aRU
105 _ay |||||||||
200 0 _aВып.4
_fЛаборатория исследования операций
210 _d1970
_aБ. м.
461 0 _1001RU\NLR\INFOCOMM17\1000320914
_12001#$aАлгол-процедуры$eМетод.материалы по программному обеспечению ЭВМ$fЛенингр.ордена Ленина и ордена Трудового Красного Знамени гос.Ун-т им.А.А.Жданова.Вычислит.центр$vВып.4
_94030296
_cЛ.
_d1969-
_fЛенингр. ордена Ленина и ордена Трудового Красного Знамени гос. ун-т им. А.А. Жданова. Вычислит. центр
_oМетод. материалы по программному обеспечению ЭВМ
_tАлгол-процедуры
_vВып.4
801 1 _aRU
_bInfoComm
_c20031203
801 0 _aRU
_bNLR
_gPSBO
852 _aNLR
_jП10/3341
942 _cISSUE
980 _aNB
980 _aRUSPER